| Tag |
First Indicator |
Second Indicator |
Subfields |
| LEADER |
00000cam a2200000 a 4500 |
| 001 |
in00001761881 |
| 005 |
20151025051828.0 |
| 008 |
011221s2001 ru b 000 0 rusoc |
| 010 |
|
|
|a 2002383682
|
| 020 |
|
|
|z 582102546
|
| 035 |
|
|
|a (OCoLC)ocm48549833
|
| 040 |
|
|
|a ZCU
|c ZCU
|d DLC
|d TXA
|d UtOrBLW
|
| 042 |
|
|
|a pcc
|
| 043 |
|
|
|a e-ru---
|
| 049 |
|
|
|a TXAM
|
| 050 |
0 |
0 |
|a PG3094
|b .A2 2001
|
| 100 |
1 |
|
|a Abasheva, M. P.
|q (Marina Petrovna)
|
| 245 |
1 |
0 |
|a Literatura v poiskakh lit︠s︡a :
|b russkai︠a︡ proza v kont︠s︡e XX veka : stanovlenie avtorskoĭ identichnosti /
|c Abasheva M.P.
|
| 264 |
|
1 |
|a Permʹ :
|b Izd-vo Permskogo universiteta,
|c 2001.
|
| 300 |
|
|
|a 319 pages ;
|c 21 cm.
|
| 336 |
|
|
|a text
|b txt
|2 rdacontent
|
| 337 |
|
|
|a unmediated
|b n
|2 rdamedia
|
| 338 |
|
|
|a volume
|b nc
|2 rdacarrier
|
| 500 |
|
|
|a "Nauchnoe izdanie"--Colophon.
|
| 504 |
|
|
|a Includes bibliographical references.
|
| 650 |
|
0 |
|a Russian prose literature
|y 20th century
|x History and criticism.
|
| 650 |
|
0 |
|a Point of view (Literature)
|
| 948 |
|
|
|a cataloged
|b h
|c 2003/5/2
|d c
|e spoltoratski
|f 11:11:09 am
|
| 994 |
|
|
|a E0
|b TXA
|
| 999 |
|
|
|a MARS
|
| 999 |
f |
f |
|s f06ae536-e7d3-3405-adf1-b7ef5af2bc5a
|i 61d30e5e-4cfd-3de9-a308-8ec6152ec894
|t 0
|
| 952 |
f |
f |
|p ric
|a Texas A&M University
|b Rellis Campus
|c Joint Library Facility
|d Remote Storage
|t 0
|e PG3094 .A2 2001
|h Library of Congress classification
|i unmediated -- volume
|m A14830073161
|
| 998 |
f |
f |
|a PG3094 .A2 2001
|t 0
|l Remote Storage
|